000 00756cab a2200217 4500
001 WB2642-15
008 090401t1990 xxu||||| |||| 00| 0 eng d
035 _a(Sirsi) u2863
041 _aeng
245 _aRICS establishes presence in Brussels
260 _c1990
350 _a0
490 _aRICS Press Release
_vPR142/90 16 October 1990 2 pages
520 _aAs part of its strategy for Europe , RICS has announced that it intends to extend its co-operation with public affairs consultants Powerhouse Europe to promote the role of the chartered surveyor in Europe with effect from 1 November 1990.
650 _aLOBBYING
650 _aPROFESSIONS
650 _aPROMOTION
690 _aEUROPE-SINGLE MARKET
942 _n0
948 _c04/03/1997
999 _c1721
_d1721